[Event "Valencia Region-ch Segunda"]
[Site "Valencia"]
[Date "2016.11.05"]
[Round "5"]
[White "Fernandez Lara, Vicente"]
[Black "Calabuig Ferrer, Jose"]
[Result "1-0"]
[WhiteElo "1559"]
[BlackElo "1426"]
[PlyCount "95"]
[EventDate "2016.10.01"]
[EventType "swiss"]
[EventRounds "7"]
[EventCountry "ESP"]
[SourceTitle "EXT 2024"]
[Source "ChessBase"]
[SourceDate "2023.10.10"]
[SourceVersion "1"]
[SourceVersionDate "2023.10.10"]
[SourceQuality "1"]

1. d4 d5 2. c4 e6 3. Nc3 Nf6 4. Nf3 Nbd7 5. Bg5 Be7 6. e3 h6 7. Bxf6 Nxf6 8. cxd5 Nxd5 9. Nxd5 exd5 10. a3 0-0 11. Be2 c6 12. 0-0 Bf5 13. Rc1 Be4 14. Nd2 Bg6 15. Qb3 Qb6 16. Qa2 a5 17. Nb3 a4 18. Nc5 Bxc5 19. Rxc5 Ra5 20. Rxa5 Qxa5 21. b3 axb3 22. Qxb3 Qc7 23. a4 Rb8 24. Ra1 Qa5 25. Qa3 Qc7 26. a5 Ra8 27. h3 f6 28. g3 Kf7 29. Qc3 Bf5 30. Kh2 Bc8 31. Bd3 b6 32. a6 Ra7 33. Qc2 Kf8 34. Bf1 Kg8 35. Qg6 Qf7 36. Qc2 Qc7 37. Bd3 Kf8 38. Rc1 Bxa6 39. Bg6 Bc4 40. Qf5 Qd7 41. Qf4 Rb7 42. Ra1 Qc8 43. e4 dxe4 44. Bxe4 Be6 45. Qd6+ Kf7 46. Bxc6 Rc7 47. d5 Bxh3 48. Ra8 1-0

[Event "Valencia Region-ch Segunda"]
[Site "Valencia"]
[Date "2016.10.22"]
[Round "3"]
[White "Coll Ferre, Roberto"]
[Black "Calabuig Ferrer, Jose"]
[Result "0-1"]
[WhiteElo "1640"]
[BlackElo "1426"]
[PlyCount "90"]
[EventDate "2016.10.01"]
[EventType "swiss"]
[EventRounds "7"]
[EventCountry "ESP"]
[SourceTitle "EXT 2024"]
[Source "ChessBase"]
[SourceDate "2023.10.10"]
[SourceVersion "1"]
[SourceVersionDate "2023.10.10"]
[SourceQuality "1"]

1. e4 e5 2. Nf3 Nc6 3. d4 exd4 4. Bc4 Bc5 5. c3 d3 6. Qxd3 Nf6 7. 0-0 d6 8. e5 dxe5 9. Qxd8+ Kxd8 10. Bxf7 Ke7 11. Bb3 e4 12. Re1 Kf8 13. Ng5 Bf5 14. Bf4 Bb6 15. Nd2 Re8 16. Nc4 h6 17. Nf7 Rh7 18. Nfe5 Nxe5 19. Bxe5 Bxf2+ 20. Kxf2 Ng4+ 21. Kg1 Nxe5 22. Nxe5 Rxe5 23. Rf1 Ke8 24. g4 Be6 25. Bxe6 Rxe6 26. Rae1 g5 27. Re3 Rf7 28. Rfe1 Rf4 29. h3 c5 30. R1e2 c4 31. Rf2 Rxf2 32. Kxf2 Kd7 33. Re1 Kd6 34. Ke3 Kd5 35. Rf1 b5 36. Rf5+ Kc6 37. a3 a6 38. Rf2 Kb6 39. Rf5 Ka5 40. Rf2 Ka4 41. Rd2 Kb3 42. Rf2 a5 43. Rf5 Kxb2 44. Rxb5+ Kxa3 45. Rxa5+ Kb3 0-1

[Event "Valencia Region-ch Segunda"]
[Site "Valencia"]
[Date "2015.11.21"]
[Round "7.10"]
[White "Calabuig Ferrer, Jose"]
[Black "Cervera Lacruz, Jose Luis"]
[Result "0-1"]
[WhiteElo "1483"]
[BlackElo "1524"]
[PlyCount "149"]
[EventDate "2015.10.03"]
[EventType "swiss"]
[EventRounds "7"]
[EventCountry "ESP"]
[SourceTitle "EXT 2024"]
[Source "ChessBase"]
[SourceDate "2023.10.10"]
[SourceVersion "1"]
[SourceVersionDate "2023.10.10"]
[SourceQuality "1"]

1. e4 e6 2. d4 d5 3. e5 c5 4. c3 Nc6 5. Nf3 Qb6 6. Be2 Nge7 7. Na3 cxd4 8. cxd4 Nf5 9. Nc2 Bd7 10. b3 Rc8 11. Bb2 Nb4 12. Bd3 Nxc2+ 13. Bxc2 Bb4+ 14. Kf1 Bb5+ 15. Bd3 0-0 16. Qe2 Bxd3 17. Qxd3 h6 18. g4 Ne7 19. a3 Bc3 20. Bxc3 Qxb3 21. Rc1 Rc4 22. Kg2 Rfc8 23. Nd2 Rxc3 24. Nxb3 Rxd3 25. Rxc8+ Nxc8 26. Nc5 Rxd4 27. Nxb7 Rxg4+ 28. Kh3 Ra4 29. Ra1 Kf8 30. Nc5 Rc4 31. Na6 Nb6 32. Nb4 Ke7 33. Kg3 f6 34. exf6+ gxf6 35. Kf3 e5 36. Ke2 Kd6 37. Rg1 Ke6 38. Rg7 a5 39. Rb7 Re4+ 40. Kf1 Nc4 41. Nd3 Kf5 42. Rb5 Rd4 43. Ne1 a4 44. Nc2 Rd2 45. Ne3+ Nxe3+ 46. fxe3 Ke4 47. h4 Kxe3 48. Rb4 Kf3 49. Ke1 Rd4 50. Rb6 Rf4 51. h5 Kg4 52. Rd6 Kxh5 53. Rxd5 Kg4 54. Rd2 h5 55. Rg2+ Kf5 56. Rh2 h4 57. Rh3 Kg4 58. Rh1 h3 59. Ke2 Rf3 60. Rc1 h2 61. Rh1 Kg3 62. Rxh2 Kxh2 63. Kxf3 f5 64. Kf2 Kh3 65. Kf3 Kh4 66. Ke3 Kg3 67. Ke2 Kf4 68. Kf2 Ke4 69. Ke2 Kd4 70. Kd2 Kc4 71. Kc2 e4 72. Kd2 f4 73. Kc2 e3 74. Kd1 Kb3 75. Ke2 0-1